Chanson sur ma drôle de vie - Véronique Sanson (paroles) - Statistiques

Statistiques générales
  • Ce quiz a été pris 179 fois
  • Le résultat moyen est 262 sur 295
Statistiques - réponses
Paroles % Correct
de
99%
De
99%
je
99%
Je
99%
ma
99%
vie
99%
drôle
98%
que
98%
Tu
98%
tu
98%
a
97%
la
97%
La
97%
le
97%
Et
96%
et
96%
une
96%
des
95%
Me
95%
sais
95%
si
95%
Si
95%
Pour
94%
te
94%
ce
93%
fait
93%
au
92%
moi
92%
tous
92%
envie
91%
les
91%
diras?)
90%
diras ?)
90%
dit
90%
J'ai
90%
j'ai
90%
tour
90%
fond
89%
as
88%
dans
88%
on
88%
On
88%
(qu'est-ce
88%
aimes
86%
ça
86%
faire
86%
fais
86%
m'as
86%
pose
86%
questions
86%
t'aime,
86%
tête
86%
idées
85%
problèmes
85%
réponds
85%
avec
84%
j'étais
84%
ses
84%
t'aidera
84%
faite
83%
même
83%
Même
83%
du
81%
parle
81%
viens
81%
bout
80%
d'amour
80%
doigts
80%
est
80%
toujours
80%
donne
79%
jours
79%
t'emmène
78%
autres
77%
qu'on
77%
Tes
77%
Laisse
76%
quand
76%
touche
76%
poèmes
75%
drôles
74%
deux
72%
parti
70%
amoureux
69%
emblèmes
69%
sûrement
65%
verrai
65%
totems
60%
demanderai
59%
m'aimes
48%
tu diras?)
35%
totams
4%
Aucun quiz correspondant
Distribution des résultats
% des personnes avec chaque résultat
Percentile par nombre de réponses
Votre historique - résultats
Vous n’avez pas pris ce quiz